| 000 | 02604cam a2200457 i 4500 | ||
|---|---|---|---|
| 001 | data | ||
| 005 | 20260322212116.0 | ||
| 006 | data | ||
| 007 | data | ||
| 008 | data | ||
| 035 | _a22849531 | ||
| 906 |
_a7 _bcbc _corignew _d1 _eecip _f20 _gy-gencatlg |
||
| 925 | 0 |
_aacquire _eecip ebook _xpolicy default |
|
| 955 | _frl54 2023-05-23 Telework ebook rec'd | ||
| 010 | _a 2022027664 | ||
| 020 |
_a9781003297482 _q(ebook) |
||
| 020 |
_z9781032285719 _q(hardback) |
||
| 020 |
_z9781032285740 _q(paperback) |
||
| 040 |
_aDLC _beng _cDLC _erda _dDLC |
||
| 042 | _apcc | ||
| 050 | 0 | 0 | _aPZ8 |
| 082 | 0 | 0 |
_a398.2 _223/eng/20221101 |
| 245 | 0 | 0 |
_aRed magic : _bthe world's best fairy tales / _ccollected and arranged by Romer Wilson ; edited by Jack Zipes ; illustrated by Kay Nielsen. |
| 264 | 1 |
_aNew York : _aNew York : _bRoutledge, Taylor & Francis Group, _c2023. |
|
| 300 | _a1 online resource. | ||
| 336 |
_atext _btxt _2rdacontent |
||
| 337 |
_acomputer _bc _2rdamedia |
||
| 338 |
_aonline resource _bcr _2rdacarrier |
||
| 505 | 0 | _aThe Dangers of Dragons / Romer Wilson -- The Reward of Virtue / Taddeo Ricciardi -- The Story of the Three Bears / Robert Southey -- Bluebeard / Charles Perrault -- Rich Peter the Peddler / Sir George Dasent -- Hawk and Mole / Edward L. Handy -- A Child's Dream of a Star / Charles Dickens -- Bean Flower and Pea Blossom / Charles Nodier -- The Country Mouse and the Town Mouse / Aesop -- King Uggermugger, or the Princess Silver-Silk / Cholmondeley Pennell -- The Bear and the Hunter's Stepson / Charles Marius Barbeau -- At the Door / Puss Brambula Compton -- The Six Swans / Jacob & Wilhelm Grimm -- The Enchanted Deer / Mme Catherine d'Aulnoy -- Mrs. Tabitha Tortoiseshell / Puss Brambula Compton -- St. George and the Dragon / Percy's Reliques -- The Dragon of Watley / Percy's Reliques -- The Chimaera / Nathaniel Hawthorne -- Bash-Chalek, or True Steel / Elodie L. Mijatovich -- Aladdin and the Magic Lamp / Antoine Galland. | |
| 520 | _aA collection of familiar and lesser-known fairy tales. | ||
| 588 | _aDescription based on print version record and CIP data provided by publisher. | ||
| 650 | 0 | _aFairy tales. | |
| 650 | 1 | _aFairy tales. | |
| 650 | 1 | _aFolklore. | |
| 655 | 7 |
_aFairy tales. _2lcgft |
|
| 700 | 1 |
_aWilson, Romer, _d1891-1930, _ecompiler. |
|
| 700 | 1 |
_aZipes, Jack, _d1937- _eeditor. |
|
| 700 | 1 |
_aNielsen, Kay Rasmus, _d1886-1957, _eillustrator. |
|
| 776 | 0 | 8 |
_iPrint version: _tRed magic _dLondon ; New York : Routledge, Taylor & Francis Group, 2023 _z9781032285719 _w(DLC) 2022027663 |
| 985 |
_aLC online resource _d2022-11-02 |
||
| 999 |
_c1762 _d1762 |
||